Diversity patterns and differentiation of high andean rodents (Registro nro. 10590)

Detalles MARC
000 -CABECERA
Campo de control 007050000a22002050004500
090 ## - CLASIFICACIÓN LOCAL
Colección AR
Consecutivo 01507
041 0# - IDIOMA
Código de idioma para texto/pista de sonido o título separado
100 1# - ASIENTO PRINCIPAL--NOMBRE PERSONAL
Nombre personal Reig, Osvaldo A.
245 10 - MENCION DE TITULO
Título Diversity patterns and differentiation of high andean rodents
650 14 - ASIENTO SECUNDARIO DE MATERIA - TERMINO TEMATICO
Término temático o nombre geográfico como elemento de entrada Evolución
650 14 - ASIENTO SECUNDARIO DE MATERIA - TERMINO TEMATICO
Término temático o nombre geográfico como elemento de entrada Patrones de distribución
650 14 - ASIENTO SECUNDARIO DE MATERIA - TERMINO TEMATICO
Término temático o nombre geográfico como elemento de entrada Taxonomía animal
650 14 - ASIENTO SECUNDARIO DE MATERIA - TERMINO TEMATICO
Término temático o nombre geográfico como elemento de entrada Biogeografía
651 #4 - ASIENTO SECUNDARIO DE MATERIA - NOMBRE GEOGRAFICO
-- Cordillera de Los Andes
-- Perú
651 #4 - ASIENTO SECUNDARIO DE MATERIA - NOMBRE GEOGRAFICO
-- Cordillera de los Andes
-- Colombia
651 #4 - ASIENTO SECUNDARIO DE MATERIA - NOMBRE GEOGRAFICO
-- Cordillera de los Andes
-- Venezuela
651 #4 - ASIENTO SECUNDARIO DE MATERIA - NOMBRE GEOGRAFICO
-- Cordillera de los Andes
-- Ecuador
773 1# - Item fuente:
Título High Altitude Tropical Biogeography
Especificación de materiales 540
Paginas del Articulo 402-439
Lugar, editorial y fecha de publicación 1986
942 ## - ELEMENTOS ADICIONALES (KOHA)
Tipo de ítem Artículo
Existencias
Withdrawn status Lost status Damaged status No para préstamo Colección Ubicación Permanente Ubicación actual Fecha de adquisición Fuente de Valor Datos de publicación Seriada Total Checkouts Número topográfico Inventario / Código de Barras Date last seen Ejemplar Price effective from Forma de adquisición Tipo de material
      No para Préstamo Hemeroteca Bogotá Bogotá 27/02/2015 Muñoz Saba, Yaneth Fuera de circulación   AR 01507 011868 25/03/2015 1 25/03/2015   Artículo